<?xml version="1.0" encoding="UTF-8"?>
<marc:record xmlns:marc="http://www.loc.gov/MARC21/slim">
   <marc:leader>00000nam a2200000 a 4500</marc:leader>
   <marc:datafield ind1="1" ind2=" " tag="100">
      <marc:subfield code="a">Ernst, Hans</marc:subfield>
      <marc:subfield code="4">aut</marc:subfield>
      <marc:subfield code="e">Verfasser/-in</marc:subfield>
   </marc:datafield>
   <marc:datafield ind1=" " ind2=" " tag="653">
      <marc:subfield code="a">Heimatroman</marc:subfield>
   </marc:datafield>
   <marc:datafield ind1="0" ind2="0" tag="245">
      <marc:subfield code="a">Steine im Weg</marc:subfield>
   </marc:datafield>
   <marc:datafield ind1="0" ind2="0" tag="245">
      <marc:subfield code="b">Roman</marc:subfield>
   </marc:datafield>
   <marc:datafield ind1="0" ind2="0" tag="245">
      <marc:subfield code="c">Hans Ernst</marc:subfield>
   </marc:datafield>
   <marc:datafield ind1=" " ind2="1" tag="264">
      <marc:subfield code="a">Rosenheim</marc:subfield>
      <marc:subfield code="b">Donauland</marc:subfield>
      <marc:subfield code="c">2003</marc:subfield>
   </marc:datafield>
   <marc:datafield ind1=" " ind2=" " tag="250">
      <marc:subfield code="a">5</marc:subfield>
   </marc:datafield>
   <marc:datafield ind1="1" ind2=" " tag="520">
      <marc:subfield code="a">Nach dem jähen Tod seiner Frau hat Thomas Pasturner die schöne Jutta  Ambacher als seine zweite Frau zu sich auf den Hof im hohen Joch geholt. Die Herzen seiner beiden Kinder aus erster Ehe fliegen dieser Frau zu. Glück und Zufriedenheit liegen auf dem Pasturnerhof, aber dann ziehen Wolken auf, weil Jutta sich völlig zu wandeln beginnt. Schwere Schicksalsschläge, Einflüsterungen einer anderen Frau und das Wiedersehen mit einem Mann, den sie als junges Mädchen liebte, bringen sie in schwere innere Konflikte, unter denen nicht nur sie allein zu zerbrechen droht, sondern alle, die auf dem Hof leben.</marc:subfield>
   </marc:datafield>
   <marc:datafield ind1=" " ind2=" " tag="300">
      <marc:subfield code="a">S.250</marc:subfield>
   </marc:datafield>
</marc:record>
